America América: A New History of the New World (Record no. 8713)

MARC details
000 -LEADER
fixed length control field 00326nam a2200133Ia 4500
008 - FIXED-LENGTH DATA ELEMENTS--GENERAL INFORMATION
fixed length control field 260604s9999 xx 000 0 und d
020 ## - INTERNATIONAL STANDARD BOOK NUMBER
International Standard Book Number 9781911709916
082 ## - DEWEY DECIMAL CLASSIFICATION NUMBER
Classification number 970 GRA
100 ## - MAIN ENTRY--PERSONAL NAME
Personal name Greg grandin
9 (RLIN) 35879
245 #0 - TITLE STATEMENT
Title America América: A New History of the New World
260 ## - PUBLICATION, DISTRIBUTION, ETC.
Name of publisher, distributor, etc. Torva
500 ## - GENERAL NOTE
General note History
942 ## - ADDED ENTRY ELEMENTS (KOHA)
Koha item type Book
Holdings
Date last seen Total Checkouts Full call number Barcode Cost, replacement price Price effective from Koha item type Lost status Damaged status Not for loan Withdrawn status Home library Current library Shelving location Date acquired Cost, normal purchase price BOOK NO
06/04/2026   970 GRA 004331 1899.00 06/04/2026 Book         Indian Institute of Management Visakhapatnam Indian Institute of Management Visakhapatnam   06/04/2026 1899.00 GRA

Copyright © 2024 Indian Institute of Management Visakhapatnam
Koha v23.05